000 00857cam a2200265 i 4500
999 _c3055
_d3055
001 3231620
003 GBCCL
005 20241126110446.0
008 800116s1976 oru 000 0ceng
010 _a 79125726
040 _aDLC
_cDLC
_dDLC
050 0 0 _aBS573
_b.P28
082 0 0 _a222.11092
_aB
_bPAL
100 1 _aPalau, Luis,
_d1934-
_95570
245 1 4 _aThe schemer and the dreamer :
_bGod's way to the top /
_cLuis Palau ; foreword by Billy Graham.
260 _aPortland, Or. :
_bMultnomah Press,
_cc1976.
300 _a144 p. ;
_c22 cm.
600 0 0 _aJacob
_c(Biblical patriarch)
_9633
600 0 0 _aJoseph
_c(Son of Jacob)
_92685
630 0 0 _aBible.
_pOld Testament
_vBiography.
_95784
650 0 _aPatriarchs (Bible)
_vBiography.
_9635
650 0 _aChristian life.
_9183
906 _a7
_bcbc
_corignew
_d2
_encip
_f19
_gy-gencatlg
942 _2ddc
_cBK